Sehari Di Pestaria

Bibliographic Details
Format: Book
Published: Kuala Lumpur : Uma Publications , 1998
Series:Siri Peristiwa Semasa
Subjects:

MARC

LEADER 00000cam a2200000 7i4500
001 0000069839
005 20100225.0
008 100225 bm
020 |a 9679101762 
090 0 0 |a J499.28 SEH 
245 0 0 |a Sehari Di Pestaria 
260 |a Kuala Lumpur :   |b Uma Publications ,   |c 1998 
300 |a 16p. :   |b ill ;   |c 21cm. 
440 0 |a Siri Peristiwa Semasa 
650 0 0 |a Children Stories 
999 |a 0000076902   |b Buku   |c Koleksi Pinjaman Kanak-Kanak   |e Perbadanan Perpustakaan Awam Melaka 
999 |a 0000076903   |b Buku   |c Koleksi Pinjaman Kanak-Kanak   |e Perbadanan Perpustakaan Awam Melaka 
999 |a 0000076904   |b Buku   |c Koleksi Pinjaman Kanak-Kanak   |e Perpustakaan Cawangan Jasin 
999 |a 0000076905   |b Buku   |c Koleksi Pinjaman Kanak-Kanak   |e Perpustakaan Cawangan Masjid Tanah 
999 |a 0000076906   |b Buku   |c Koleksi Pinjaman Kanak-Kanak   |e Perpustakaan Cawangan Merlimau 
999 |a 0000076907   |b Buku   |c Koleksi Pinjaman Kanak-Kanak   |e Perbadanan Perpustakaan Awam Melaka